Business Forecasting With Accompanying Excel-Based ForecastX Software (Record no. 3792)

MARC details
005 - DATE AND TIME OF LATEST TRANSACTION
control field 20250613082304.0
020 ## - INTERNATIONAL STANDARD BOOK NUMBER
International Standard Book Number 978-0-07-297967-1
082 ## - DEWEY DECIMAL CLASSIFICATION NUMBER
Classification number 658.4 WIL
100 ## - MAIN ENTRY--PERSONAL NAME
Author name WILSON, H. J
245 ## - TITLE STATEMENT
Title Business Forecasting With Accompanying Excel-Based ForecastX Software
250 ## - EDITION STATEMENT
Edition statement 5th Ed
260 ## - PUBLICATION, DISTRIBUTION, ETC.
Place of publication, distribution, etc. Boston
Name of publisher, distributor, etc. McGraw-Hill Irwin
Date of publication, distribution, etc. 2007
300 ## - PHYSICAL DESCRIPTION
Extent ix,461p.: ill.; figures, table
Other physical details index
Dimensions 23 cm
700 ## - ADDED ENTRY--PERSONAL NAME
Other authors/Editors Barry Keating
942 ## - ADDED ENTRY ELEMENTS (KOHA)
Source of classification or shelving scheme Dewey Decimal Classification
Koha item type Books
Holdings
Date last seen Total checkouts Full call number Barcode Cost, replacement price Price effective from Koha item type Lost status Source of classification or shelving scheme Damaged status Not for loan Withdrawn status Home library Current library Shelving location Date acquired Source of acquisition Cost, normal purchase price
06/12/2025   658 DIA MWZ000895 150000.00 06/12/2025 Books   Dewey Decimal Classification       CBE Mwanza CBE Mwanza General Collection 07/01/2007 Library Budget 50000.00
06/12/2025   658 DIA MWZ000896 150000.00 06/12/2025 Books   Dewey Decimal Classification       CBE Mwanza CBE Mwanza General Collection 07/01/2007 Library Budget 50000.00
06/12/2025   658 DIA MWZ000897 150000.00 06/12/2025 Books   Dewey Decimal Classification       CBE Mwanza CBE Mwanza General Collection 07/01/2007 Library Budget 50000.00
06/12/2025   658 DIA MWZ000898 150000.00 06/12/2025 Books   Dewey Decimal Classification       CBE Mwanza CBE Mwanza General Collection 07/01/2007 Library Budget 50000.00
06/12/2025   658 DIA MWZ000899 150000.00 06/12/2025 Books   Dewey Decimal Classification       CBE Mwanza CBE Mwanza General Collection 07/01/2007 Library Budget 50000.00